The Dynamics of Two-Party Politics : (Record no. 616037)

MARC details
000 -LEADER
fixed length control field 00515nam a2200193 a 4500
008 - FIXED-LENGTH DATA ELEMENTS--GENERAL INFORMATION
fixed length control field 260227s2009##################000#0#eng##
020 ## - INTERNATIONAL STANDARD BOOK NUMBER
ISBN 9780199564439
082 04 - DEWEY DECIMAL CLASSIFICATION NUMBER
Classification number 324.2
Item number WAR
100 1# - MAIN ENTRY--AUTHOR NAME
Personal name Ware, Alan,
245 10 - TITLE STATEMENT
Title The Dynamics of Two-Party Politics :
260 ## - PUBLICATION, DISTRIBUTION, ETC. (IMPRINT)
Name of publisher Oxford University Press,
Year of publication 2009.
300 ## - PHYSICAL DESCRIPTION
Number of Pages 177 pages
650 #0 - SUBJECT ADDED ENTRY--TOPICAL TERM
Topical Term Political Science.
942 ## - ADDED ENTRY ELEMENTS (KOHA)
Koha item type English Books
Holdings
Withdrawn status Lost status Damaged status Not for loan Home library Current library Shelving location Date acquired Full call number Accession Number Price effective from Koha item type
        Anna Centenary Library Anna Centenary Library 3RD FLOOR, B WING 27.02.2026 324.2 WAR 139795 27.02.2026 English Books

Find us on the map